000 00398nam a2200157Ia 4500
003 Ost
005 20260225132547.0
008 260225s9999||||xx |||||||||||||| ||und||
040 _cfsic
041 _afre
082 _a440
100 _aConstantin Melrik
_eAuteur
245 0 _a1000jours à Matigna De Gaulle,l'Algérie les services spéciaux /
245 0 _cConstantin Melrik
942 _cكتاب
999 _c33906
_d33906